|
|
|
|
| LEADER |
02476nam a22004095i 4500 |
| 001 |
41685 |
| 003 |
BD-DhAAL |
| 005 |
20230914144447.0 |
| 008 |
210422s2021 nyu 000 0 eng |
| 010 |
|
|
|a 2021937683
|
| 020 |
|
|
|a 9781319441333
|
| 020 |
|
|
|a 9781319132118
|
| 020 |
|
|
|a 9781319432355
|
| 020 |
|
|
|z 9781319429805
|
| 020 |
|
|
|z 9781319432348
|
| 040 |
|
|
|a DLC
|b eng
|e rda
|c DLC
|d BD-DhAAL
|
| 042 |
|
|
|a pcc
|
| 082 |
|
|
|a 150
|2 23
|
| 100 |
1 |
|
|a Myers, David G.,
|e author.
|9 8131
|
| 245 |
1 |
0 |
|a Exploring psychology /
|c David G. Myers, C. Nathan DeWall.
|
| 250 |
|
|
|a Twelfth edition.
|
| 263 |
|
|
|a 2109
|
| 264 |
|
1 |
|a New York :
|b Worth Publishers,
|c 2021.
|
| 300 |
|
|
|a xxxix, 544 pages :
|b illustrations ;
|c 28 cm.
|
| 520 |
|
|
|a "Introductory psychology textbook. Psychological science insights enable students to be more successful in their courses, more tuned-in as friends and partners, more effective as co-workers, and wiser as parents. And helping students to think more like psychological scientists will arm them with the critical-thinking skills they need to think smart and challenge misinformation in our post-truth world"--
|
| 526 |
|
|
|a ESS
|
| 541 |
|
|
|a Book Finder International
|e 41685, 41686, 41687, 41688, 41689
|
| 650 |
|
|
|a Psychology.
|
| 700 |
1 |
|
|a DeWall, C. Nathan,
|e author.
|9 55513
|
| 852 |
|
|
|a Ayesha Abed Library
|c General Stacks
|
| 942 |
|
|
|2 ddc
|c BK
|
| 999 |
|
|
|c 45807
|d 45807
|
| 952 |
|
|
|0 0
|1 0
|2 ddc
|4 0
|6 150_000000000000000_MYE
|7 0
|9 74384
|a BRACUL
|b BRACUL
|c GEN
|d 2023-09-08
|e Book Finder International
|g 7293.00
|l 13
|m 49
|o 150 MYE
|p 3010041688
|r 2026-05-15
|s 2026-03-28
|t 4
|v 7293.00
|w 2023-09-08
|y BK
|
| 952 |
|
|
|0 0
|1 0
|2 ddc
|4 0
|6 150_000000000000000_MYE
|7 0
|9 74385
|a BRACUL
|b BRACUL
|c GEN
|d 2023-09-08
|e Book Finder International
|g 7293.00
|l 6
|m 27
|o 150 MYE
|p 3010041689
|r 2025-02-12
|s 2024-10-26
|t 5
|v 7293.00
|w 2023-09-08
|y BK
|
| 952 |
|
|
|0 0
|1 0
|2 ddc
|4 0
|6 150_000000000000000_MYE
|7 0
|9 74386
|a BRACUL
|b BRACUL
|c GEN
|d 2023-09-08
|e Book Finder International
|g 7293.00
|l 15
|m 37
|o 150 MYE
|p 3010041687
|r 2026-05-20
|s 2026-01-31
|t 3
|v 7293.00
|w 2023-09-08
|y BK
|
| 952 |
|
|
|0 0
|1 0
|2 ddc
|4 0
|6 150_000000000000000_MYE
|7 0
|9 74387
|a BRACUL
|b BRACUL
|c GEN
|d 2023-09-08
|e Book Finder International
|g 7293.00
|l 7
|m 38
|o 150 MYE
|p 3010041685
|r 2026-04-12
|s 2026-03-29
|t 1
|v 7293.00
|w 2023-09-08
|y BK
|
| 952 |
|
|
|0 0
|1 0
|2 ddc
|4 0
|6 150_000000000000000_MYE
|7 0
|9 74388
|a BRACUL
|b BRACUL
|c GEN
|d 2023-09-08
|e Book Finder International
|g 7293.00
|l 10
|m 53
|o 150 MYE
|p 3010041686
|r 2026-05-10
|s 2026-02-05
|t 2
|v 7293.00
|w 2023-09-08
|y BK
|